00734pam a2200241 a 4500001000800000005001700008008004100025010001700066020001500083020003500098040001800133050003300151082000700184100002200191245004900213250001200262260003500274300003600309504006400345650003800409650002300447650002200470389000420161115100438.0900723s1991 ilua b 001 0 eng  a 90044740  a0256079005 a025609957X (International ed.) aDLCcDLCdDLC00aHF1411.L536 1991b.L536 1991002201 aLindert, Peter H.10aInternational economics /cPeter H. Lindert. a9th ed. aHomewood, IL :bIrwin,cc1991. axviii, 682 p. :bill. ;c25 cm. aIncludes bibliographical references (p. 653-666) and index. 0aInternational economic relations. 0aCommercial policy. 0aForeign exchange.